MARC details
| 000 -CABECERA |
| campo de control de longitud fija |
01082cam a2200277 a 4500 |
| 001 - NÚMERO DE CONTROL |
| campo de control |
000013372 |
| 005 - FECHA Y HORA DE LA ÚLTIMA TRANSACCIÓN |
| campo de control |
20240502094959.0 |
| 008 - DATOS DE LONGITUD FIJA--INFORMACIÓN GENERAL |
| campo de control de longitud fija |
830930s1983 sp a b 100 0 spa |
| 010 ## - NÚMERO DE CONTROL DE LA BIBLIOTECA DEL CONGRESO |
| Número de control de LC |
83180328 |
| 020 ## - NÚMERO INTERNACIONAL ESTÁNDAR DEL LIBRO |
| Número Internacional Estándar del Libro |
8432043036 |
| 040 ## - FUENTE DE LA CATALOGACIÓN |
| Centro catalogador/agencia de origen |
DO-SdBNP |
| Centro/agencia transcriptor |
DLC |
| Centro/agencia modificador |
DLC |
| 043 ## - CÓDIGO DE ÁREA GEOGRÁFICA |
| Código de área geográfica |
d------ |
| 050 00 - SIGNATURA TOPOGRÁFICA DE LA BIBLIOTECA DEL CONGRESO |
| Número de clasificación |
HC59 |
| Número de documento/Ítem |
.C338 1983 |
| 082 00 - NÚMERO DE LA CLASIFICACIÓN DECIMAL DEWEY |
| Número de clasificación |
330.9172/4 |
| Número de edición |
19 |
| 100 1# - ENTRADA PRINCIPAL--NOMBRE DE PERSONA |
| Nombre de persona |
Castro, Fidel |
| Fechas asociadas al nombre |
1926-2016 |
| 9 (RLIN) |
16971 |
| 245 13 - MENCIÓN DE TÍTULO |
| Título |
La crisis economica y social del mundo : |
| Resto del título |
sus repercusiones en los paises subdesarrollados, sus perspectivas sombrias y la necesidad de luchar si queremos sobrevivir / |
| Mención de responsabilidad, etc. |
Fidel Castro. |
| 250 ## - MENCIÓN DE EDICIÓN |
| Mención de edición |
1a ed. en Coleccion Documento. |
| 260 ## - PUBLICACIÓN, DISTRIBUCIÓN, ETC. |
| Lugar de publicación, distribución, etc. |
Barcelona : |
| Nombre del editor, distribuidor, etc. |
Planeta, |
| Fecha de publicación, distribución, etc. |
1983. |
| 300 ## - DESCRIPCIÓN FÍSICA |
| Extensión |
238 p. : |
| Otras características físicas |
ill. ; |
| Dimensiones |
24 cm. |
| 490 0# - MENCIÓN DE SERIE |
| Mención de serie |
Documento ; |
| Designación de volumen o secuencia |
119 |
| 504 ## - NOTA DE BIBLIOGRAFÍA, ETC. |
| Nota de bibliografía, etc. |
Bibliography: p. 235-238. |
| 651 #0 - PUNTO DE ACCESO ADICIONAL DE MATERIA--NOMBRE GEOGRÁFICO |
| Nombre geográfico |
Developing Countries |
| Subdivisión general |
Economic Conditions |
| -- |
Congresses. |
| 9 (RLIN) |
30589 |
| 650 #0 - PUNTO DE ACCESO ADICIONAL DE MATERIA--TÉRMINO DE MATERIA |
| Término de materia o nombre geográfico como elemento de entrada |
International economic relations |
| Subdivisión general |
Congresses. |
| 9 (RLIN) |
30590 |
| 711 2# - PUNTO DE ACCESO ADICIONAL--NOMBRE DE REUNIÓN/CONGRESO |
| Nombre de congreso/reunión o jurisdicción como elemento de entrada |
Conference of Heads of State or Government of Non-aligned Countries |
| Número del congreso/reunión o número de parte o sección |
(7th : |
| Fecha del congreso/reunión |
1983) |
| 9 (RLIN) |
30591 |
| 910 ## - DATOS DE OPCIÓN DEL USUARIO (OCLC) |
| Datos de opción del usuario |
Catalogación derivada |